Computer Science : (Record no. 35341)
[ view plain ]
| 000 -LEADER | |
|---|---|
| fixed length control field | 00531nam a22001817a 4500 |
| 005 - DATE AND TIME OF LATEST TRANSACTION | |
| control field | 20240313100358.0 |
| 008 - FIXED-LENGTH DATA ELEMENTS--GENERAL INFORMATION | |
| fixed length control field | 240313b |||||||| |||| 00| 0 eng d |
| 020 ## - INTERNATIONAL STANDARD BOOK NUMBER | |
| ISBN | 9780471311980 |
| 082 ## - DEWEY DECIMAL CLASSIFICATION NUMBER | |
| Classification number | 004 |
| Item number | NAG-C |
| 100 ## - MAIN ENTRY--AUTHOR | |
| Author Name | Nagin, Paul |
| 245 ## - TITLE STATEMENT | |
| Title | Computer Science : |
| Remainder of title | A breadth-first approach with pascal / |
| Statement of responsibility, etc. | John Impagliazzo |
| 260 ## - PUBLICATION, DISTRIBUTION, ETC. | |
| Place of Publication | india: |
| Name of publisher, distributor, etc. | John Wiley; |
| Date of publication, distribution, etc. | 1995. |
| 300 ## - PHYSICAL DESCRIPTION | |
| Pages | xxii, 730 p. : |
| 500 ## - GENERAL NOTE | |
| General note | Include index. |
| 650 ## - SUBJECT ADDED ENTRY--TOPICAL TERM | |
| Subject / Department | computer science/programming |
| 700 ## - ADDED ENTRY--PERSONAL NAME | |
| Personal name | John Impagliazzo |
| 300 ## - PHYSICAL DESCRIPTION | |
| -- | ill, |
| -- | 23 cm. |
No items available.
